00527 2200193 4500001002100000005001500021035002000036008004100056245009800097100001000195260003400205300001100239084001400250082000800264650001500272250000600287020002200293990001800315INLIS00000000000035320240813102925 a0010-0724000353240813 0 ind 1 aDasar-Dasar Praktis Microsoft Excel :bTes Seberapa Besar Cinta kamu Sama Dia /cAlwi Kosasih aYulia aSolo :bTiga Serangkai,c2009 a50 hlm a005 YUL d a005 4aKarya Umum a2 a978-602-6847-74-4 aP29/CP/24/353